| 000 | 00360nam a2200133Ia 4500 | ||
|---|---|---|---|
| 008 | 220216s9999 xx 000 0 und d | ||
| 100 | _aWilliams A R | ||
| 245 | 0 | _aRoad transport, is there a future? | |
| 260 |
_bProgress in Rubber and Plastics Technology _c1992 |
||
| 300 | _a263-308 | ||
| 650 | _aRoad transport | ||
| 650 | _aTyre performance | ||
| 942 | _cJS | ||
| 999 |
_c67131 _d67131 |
||